000 00579nam a2200193Ia 4500
005 20250923145118.0
008 008 250917s9999 xx 000 0 eng d
037 _aTextual
040 _aDSWL
_beng
_cDSWL
041 _aeng
_2eng
084 _aYx,zx;6p1,N61, N60
_qDSWL
245 0 _aMental health and social work
_cby Association of social workers, London
260 _aLondon
_bAssociation of social workers
_c1960
300 _a118 p.
365 _aINR
_b10
925 _g10
942 _cTEXL
_hYx,zx;6p1,N61, N60
999 _c1447248
_d1447248